• 首页
  • 本馆介绍
  • 公告通知
  • 最新文献
  • 馆藏检索
  • 电子资源
  • 读者荐购
  • 参考咨询
  • CALIS
  • 我的图书馆
  • 登录
  • 详细信息显示
  • 放入我的书架
  • 预约/预借图书
  • 作者相关作品
  • 分类相关作品
  • 丛书相关作品
  • 出版社相关作品

书目信息

  • 表格格式
  • 工作单格式
  • 卡片格式
题名:
个性化学习设计指南
    
 
作者: 弗谷森 著 ;王玲玲 翻译
分册:  
出版信息: 上海   华东师范大学出版社  2009.08
页数: 171页
开本: 24cm
丛书名: 教师在职教育新视界译丛
单 册:
中图分类: G423
科图分类:
主题词: 课程设计--ke cheng she ji--研究
电子资源:
ISBN: 978-7-5617-6892-1
 
 
 
 
 
000 01253nam 2200301 450
001 012010084570
005 20100605084700.37
010    @a978-7-5617-6892-1@dCNY24.80
100    @a20100604d2009 em y0chiy0120 ea
101 1  @achi@ceng
102    @aCN@b310000
105    @aak a 001yy
106    @ar
200 1  @a个性化学习设计指南@Age xing hua xue xi she ji zhi nan@d= Designing personalized lesrning for every student@f(美) 黛安·弗谷森等原著@Fyuan zhu:[mei]dai an·fu gu sen deng@g王玲玲翻译@Gwang ling ling fan yi@zeng
210    @a上海@c华东师范大学出版社@d2009.08
215    @a171页@c图@d24cm
225 2  @a教师在职教育新视界译丛@Ajiao shi zai zhi jiao yu xin shi jie yi cong
314    @a责任者规范汉译姓: 弗谷森
320    @a有书目 (第169页) 和索引
330    @a本书主要内容: 课程实施的框架设计, 学生信息的广泛收集, 家庭参与班级课程设计, 课程实施的设计面向每一个学生等。
410  0 @12001 @a教师在职教育新视界译丛
500 10 @aDesigning personalized lesrning for every student@mChinese
606 0  @a课程设计@Ake cheng she ji@x研究
690    @aG423@v4
701  1 @a弗谷森@Afu gu sen@g(Ferguson, Diane L.)@4著
702  0 @a王玲玲@Awang ling ling@4翻译
801  0 @aCN@bQSSK@c20100605
905    @b781681-83@dG423@eF596@f3
    
    个性化学习设计指南= Designing personalized lesrning for every student/(美) 黛安·弗谷森等原著/王玲玲翻译.-上海:华东师范大学出版社,2009.08
    171页:图;24cm.-(教师在职教育新视界译丛)
    
    
    ISBN 978-7-5617-6892-1:CNY24.80
    本书主要内容: 课程实施的框架设计, 学生信息的广泛收集, 家庭参与班级课程设计, 课程实施的设计面向每一个学生等。
●
相关链接 在E读中查询图书 在当当中查询图书 在豆瓣中查询图书


正题名:个性化学习设计指南     索取号:G423/F596         预约/预借

序号 登录号 条形码 馆藏地/架位号 状态 备注
1 781681   207816817   社科库409/409社科库 2排3列3层/ [索取号:G423/F596] 在馆    
2 781682   207816826   社科库409/409社科库 2排3列3层/ [索取号:G423/F596] 在馆    
3 781683   207816835   社科库409/409社科库 2排3列3层/ [索取号:G423/F596] 在馆    
河南城建学院图书馆 欢迎您!
大连网信软件有限公司© 版权所有